书目信息 |
| 题名: |
区域分解算法:偏微分方程数值解新技术
|
|
| 作者: | 吕涛 著 | |
| 分册: | ||
| 出版信息: | 北京 科学出版社 1992.05 |
|
| 页数: | 431页 | |
| 开本: | 32开 | |
| 丛书名: | ||
| 单 册: | ||
| 中图分类: | O241.82 | |
| 科图分类: | ||
| 主题词: | 计算数学 | |
| 电子资源: | ||
| ISBN: | 7-03-002815-5 | |
| 000 | 00595nam0 2200193 45 | |
| 001 | 0009041888 | |
| 005 | 20001209163944.3 | |
| 010 | @a7-03-002815-5@d23.00元 | |
| 100 | @a20000904d1992 km y0chiy0120 ea | |
| 101 | 0 | @achi |
| 105 | @a z 000yy | |
| 200 | 1 | @a区域分解算法:偏微分方程数值解新技术@AQu Yu Fen JieSuan Fa:Pian Wei Fen Fang Cheng Shu Zhi Jie Xin Ji Shu@f吕涛等著@FLu Tao Deng Zhu |
| 210 | @a北京@c科学出版社@d1992.05 | |
| 215 | @a431页@d32开 | |
| 606 | 0 | @a计算数学 |
| 690 | @aO241.82@v3 | |
| 701 | 0 | @a吕涛@4著 |
| 801 | @aCN@bPftUser@c20000904 | |
| 905 | @dO241.82@eL.150@b301446@f1 | |
| 区域分解算法:偏微分方程数值解新技术/吕涛等著.-北京:科学出版社,1992.05 |
| 431页;32开 |
| ISBN 7-03-002815-5:23.00元 |
| ● |
| 相关链接 |
|
|
|
正题名:区域分解算法:偏微分方程数值解新技术
索取号:O241.82/L.150
 
预约/预借
| 序号 | 登录号 | 条形码 | 馆藏地/架位号 | 状态 | 备注 |
| 1 | 301446 | 203014460 | 自科二线504/504自科库 48排4列3层/ [索取号:O241.82/L.150] | 在馆 |